Estadísticas para 25 ciudades más pobladas de la Comunidad Valenciana

Haz click aquí para intentar la prueba.

Estadísticas generales

  • Esta prueba ha sido intentada 320 veces
  • La puntuación promedio es 15 de 25

Estadísticas de respuestas

Pob.MunicipioProvincia% Correcto
800 kValenciaValencia
99%
337 kAlicanteAlicante
97%
174 kCastellón de la PlanaCastellón
95%
235 kElcheAlicante
94%
70.5 kBenidormAlicante
88%
75.8 kGandíaValencia
80%
84.0 kTorrenteValencia
77%
42.8 kDeniaAlicante
72%
51.3 kVillarrealCastellón
71%
67.2 kSaguntoValencia
70%
84.7 kTorreviejaAlicante
70%
78.5 kOrihuelaAlicante
65%
59.4 kAlcoyAlicante
63%
71.0 kPaternaValencia
56%
52.8 kEldaAlicante
49%
44.9 kAlciraValencia
44%
59.0 kSan Vicente del RaspeigAlicante
43%
35.8 kOntenienteValencia
41%
35.1 kBurrianaCastellón
39%
34.1 kVillenaAlicante
37%
38.6 kBurjasotValencia
36%
33.3 kSanta PolaAlicante
33%
35.2 kVillajoyosaAlicante
33%
44.3 kMislataValencia
28%
34.2 kPetrelAlicante
27%

Distribución de puntuación

Porcentaje por número respondido

Porcentaje de gente con cada puntuación

Historial de tus puntuaciones

No has intentado esta prueba.